[Event "C18"]
[Site "?"]
[Date "2016.08.06"]
[Round "1.1"]
[White "Wisniewski, Szymon"]
[Black "Molenda, Marcin"]
[Result "0-1"]
[LiveChessVersion "1.4.8"]
[BlackElo "2187"]
[WhiteElo "1842"]

1. Nf3 d5 2. g3 Nf6 3. Bg2 c5 4. O-O g6 5. d3 Bg7 6. Nbd2 O-O 7. e4 Nc6 8. c3 h6
9. Qc2 e5 10. Ne1 Re8 11. f4 exf4 12. gxf4 dxe4 13. dxe4 Ng4 14. Ndf3 c4 15. h3
Qb6+ 16. Kh1 Ne3 17. Bxe3 Qxe3 18. Nd2 Bxh3 19. Nxc4 Bxg2+ 20. Qxg2 Qxe4 21. Nd6
Qxg2+ 22. Kxg2 Re2+ 23. Rf2 Rxf2+ 24. Kxf2 Rd8 25. Nxb7 Rb8 26. Nd6 Rxb2+ 27. Kf3
f5 28. Nd3 Rc2 29. c4 Bxa1 0-1

[Event "C18"]
[Site "?"]
[Date "2016.08.06"]
[Round "1.3"]
[White "Nowak, Kamil"]
[Black "Jarmula, Lukasz"]
[Result "0-1"]
[LiveChessVersion "1.4.8"]
[BlackElo "2162"]
[WhiteElo "1821"]

1. d4 {[%clk 0:03:03]} Nf6 {[%clk 0:03:03]} 2. Nf3 {[%clk 0:03:04]} g6
{[%clk 0:03:04]} 3. Bf4 {[%clk 0:03:04]} Bg7 {[%clk 0:03:05]} 4. e3
{[%clk 0:03:04]} O-O {[%clk 0:03:05]} 5. Be2 {[%clk 0:03:05]} d6 {[%clk 0:03:06]}
6. h3 {[%clk 0:03:06]} c5 {[%clk 0:03:07]} 7. c3 {[%clk 0:03:07]} Qb6
{[%clk 0:03:07]} 8. Qc1 {[%clk 0:03:07]} Nc6 {[%clk 0:03:00]} 9. Nbd2
{[%clk 0:03:06]} Be6 {[%clk 0:02:57]} 10. O-O {[%clk 0:03:05]} Rac8
{[%clk 0:02:56]} 11. dxc5 {[%clk 0:02:41]} Qxc5 {[%clk 0:02:52]} 12. Nb3
{[%clk 0:02:35]} Qb6 {[%clk 0:02:53]} 13. Nfd4 {[%clk 0:02:28]} Nxd4
{[%clk 0:02:49]} 14. Nxd4 {[%clk 0:02:27]} Bd5 {[%clk 0:02:49]} 15. Bh2
{[%clk 0:02:20]} e5 {[%clk 0:02:47]} 16. Nf3 {[%clk 0:02:07]} Ne4
{[%clk 0:02:41]} 17. Nd2 {[%clk 0:02:00]} Nc5 {[%clk 0:02:33]} 18. Qc2
{[%clk 0:01:53]} Qc6 {[%clk 0:02:31]} 19. Bf3 {[%clk 0:01:46]} Bxf3 20. Nxf3
{[%clk 0:01:47]} b5 {[%clk 0:01:54]} 21. Rfd1 {[%clk 0:01:43]} a5
{[%clk 0:01:54]} 22. Qd2 {[%clk 0:01:41]} Ne4 {[%clk 0:01:44]} 23. Qd5
{[%clk 0:01:40]} Qc4 {[%clk 0:01:10]} 24. Qxc4 {[%clk 0:01:29]} bxc4
{[%clk 0:01:11]} 25. Nd2 {[%clk 0:01:27]} Nf6 {[%clk 0:00:59]} 26. Rac1
{[%clk 0:01:21]} Rc6 {[%clk 0:00:56]} 27. Kf1 {[%clk 0:01:11]} Rb8
{[%clk 0:00:57]} 28. Rc2 {[%clk 0:01:13]} Nd7 {[%clk 0:00:55]} 29. Ne4
{[%clk 0:01:09]} Bf8 {[%clk 0:00:55]} 30. f4 {[%clk 0:01:03]} f5 {[%clk 0:00:53]}
31. Ng5 {[%clk 0:01:01]} h6 {[%clk 0:00:34]} 32. Nf3 {[%clk 0:01:00]} Bg7
{[%clk 0:00:23]} 33. fxe5 {[%clk 0:01:01]} Nxe5 {[%clk 0:00:25]} 34. Bxe5
{[%clk 0:01:02]} dxe5 {[%clk 0:00:22]} 35. Rd5 {[%clk 0:00:56]} Rcb6
{[%clk 0:00:20]} 36. Nxe5 {[%clk 0:00:48]} Rxb2 {[%clk 0:00:17]} 37. Rxb2
{[%clk 0:00:48]} Rxb2 {[%clk 0:00:18]} 38. Rxa5 {[%clk 0:00:40]} Rc2
{[%clk 0:00:09]} 39. Nxg6 {[%clk 0:00:35]} Bxc3 {[%clk 0:00:10]} 40. Ra8+
{[%clk 0:00:30]} Kg7 {[%clk 0:00:11]} 41. Nh4 {[%clk 0:00:26]} Kf6
{[%clk 0:00:10]} 42. Ra6+ {[%clk 0:00:26]} Ke5 {[%clk 0:00:08]} 43. Nf3+
{[%clk 0:00:25]} Ke4 {[%clk 0:00:07]} 44. Re6+ {[%clk 0:00:23]} Kd5
{[%clk 0:00:05]} 45. Rxh6 {[%clk 0:00:20]} Rxa2 {[%clk 0:00:06]} 46. Rh5
{[%clk 0:00:18]} Ke4 {[%clk 0:00:07]} 47. Rh7 {[%clk 0:00:12]} Ra1+
{[%clk 0:00:06]} 48. Kf2 {[%clk 0:00:13]} Ra2+ {[%clk 0:00:07]} 49. Kg3
{[%clk 0:00:14]} Kxe3 {[%clk 0:00:07]} 50. Re7+ {[%clk 0:00:14]} Kd3
{[%clk 0:00:08]} 51. Rd7+ {[%clk 0:00:14]} Kc2 {[%clk 0:00:08]} 52. Nh4
{[%clk 0:00:12]} Be5+ {[%clk 0:00:07]} 53. Kf3 {[%clk 0:00:13]} Ra3+
{[%clk 0:00:07]} 54. Ke2 {[%clk 0:00:13]} Rd3 {[%clk 0:00:04]} 55. Ra7
{[%clk 0:00:07]} Rd2+ {[%clk 0:00:04]} 56. Kf3 {[%clk 0:00:08]} Rd3+
{[%clk 0:00:05]} 57. Ke2 {[%clk 0:00:09]} Rd2+ {[%clk 0:00:07]} 58. Kf3
{[%clk 0:00:10]} c3 {[%clk 0:00:08]} 59. Nxf5 {[%clk 0:00:09]} Kb1
{[%clk 0:00:05]} 60. Ne3 {[%clk 0:00:08]} Bd4 {[%clk 0:00:06]} 61. Rb7+
{[%clk 0:00:09]} Kc1 {[%clk 0:00:06]} 62. Nc4 {[%clk 0:00:07]} c2
{[%clk 0:00:05]} 63. Nxd2 {[%clk 0:00:08]} Kxd2 {[%clk 0:00:05]} 64. Rc7
{[%clk 0:00:05]} Bc3 {[%clk 0:00:07]} 65. Rd7+ {[%clk 0:00:07]} Ke1
{[%clk 0:00:07]} 66. Re7+ {[%clk 0:00:07]} Kf1 {[%clk 0:00:07]} 0-1

[Event "C18"]
[Site "?"]
[Date "2016.08.06"]
[Round "1.5"]
[White "Januszkiewicz, Wojciech"]
[Black "Szostko, Jakub"]
[Result "0-1"]
[LiveChessVersion "1.4.8"]
[BlackElo "2157"]
[WhiteElo "1781"]

1. e4 {[%clk 0:03:03]} c5 {[%clk 0:03:04]} 2. Nf3 {[%clk 0:03:04]} d6
{[%clk 0:03:04]} 3. d4 {[%clk 0:03:04]} cxd4 {[%clk 0:03:06]} 4. Nxd4
{[%clk 0:03:05]} Nf6 {[%clk 0:03:07]} 5. Nc3 {[%clk 0:03:06]} a6 {[%clk 0:03:09]}
6. Bg5 {[%clk 0:03:06]} Nbd7 {[%clk 0:03:10]} 7. f4 {[%clk 0:03:05]} Qc7
{[%clk 0:03:11]} 8. Qf3 {[%clk 0:02:52]} b5 {[%clk 0:03:12]} 9. Bd3
{[%clk 0:02:42]} Bb7 {[%clk 0:03:12]} 10. a3 {[%clk 0:02:31]} g6 {[%clk 0:03:11]}
11. Nb3 {[%clk 0:02:23]} Bg7 {[%clk 0:03:09]} 12. O-O {[%clk 0:02:23]} O-O
{[%clk 0:03:09]} 13. Kh1 {[%clk 0:02:24]} h6 {[%clk 0:03:05]} 14. Bh4
{[%clk 0:02:20]} Rac8 {[%clk 0:03:05]} 15. Rae1 {[%clk 0:02:20]} Qb8
{[%clk 0:03:01]} 16. Bg3 {[%clk 0:02:15]} Qa8 {[%clk 0:02:58]} 17. Qe2
{[%clk 0:02:13]} Nh5 {[%clk 0:02:50]} 18. Bh4 {[%clk 0:02:10]} Rfe8
{[%clk 0:02:42]} 19. Nd2 {[%clk 0:01:46]} Bxc3 {[%clk 0:02:20]} 20. bxc3
{[%clk 0:01:47]} Rxc3 {[%clk 0:02:20]} 21. Nf3 {[%clk 0:01:26]} Nxf4
{[%clk 0:02:19]} 22. Qd2 {[%clk 0:01:23]} Nxd3 {[%clk 0:02:17]} 23. Qxc3
{[%clk 0:01:09]} Nxe1 {[%clk 0:02:18]} 24. Rxe1 {[%clk 0:01:09]} Bxe4
{[%clk 0:02:16]} 25. Re3 {[%clk 0:00:44]} Rc8 {[%clk 0:01:57]} 26. Qe1
{[%clk 0:00:37]} Bxf3 {[%clk 0:01:44]} 27. Rxf3 {[%clk 0:00:37]} Ne5
{[%clk 0:01:40]} 28. Rf2 {[%clk 0:00:37]} Qb7 {[%clk 0:01:31]} 29. Bg3
{[%clk 0:00:33]} Qc7 {[%clk 0:01:32]} 30. Re2 {[%clk 0:00:32]} Qc3
{[%clk 0:01:31]} 31. Qf2 {[%clk 0:00:21]} Qa1+ {[%clk 0:01:31]} 32. Re1
{[%clk 0:00:21]} Qxa3 {[%clk 0:01:30]} 33. Bxe5 {[%clk 0:00:16]} dxe5
{[%clk 0:01:31]} 34. Rxe5 {[%clk 0:00:17]} Qc1+ {[%clk 0:01:30]} 35. Re1
{[%clk 0:00:17]} Qxc2 {[%clk 0:01:30]} 0-1

[Event "C18"]
[Site "?"]
[Date "2016.08.06"]
[Round "2.1"]
[White "Molenda, Marcin"]
[Black "Wisniewski, Szymon"]
[Result "1-0"]
[LiveChessVersion "1.4.8"]
[BlackElo "1842"]
[WhiteElo "2187"]

1. d4 Nf6 2. Nf3 g6 3. c4 c5 4. g3 cxd4 5. Nxd4 Bg7 6. Bg2 Nc6 7. Nc2 O-O 8. O-O
d6 9. e4 Be6 10. Ne3 Na5 11. Qa4 Rc8 12. Nd2 Qc7 13. Nd5 Bxd5 14. cxd5 Nd7 15.
Rb1 Ne5 16. b4 Nac4 17. Nxc4 Nxc4 18. Bg5 h6 19. Bf4 a6 20. b5 g5 21. Bc1 Ra8 22.
b6 Nxb6 23. Qa5 Bd4 24. Be3 1-0

[Event "C18"]
[Site "?"]
[Date "2016.08.06"]
[Round "2.3"]
[White "Jarmula, Lukasz"]
[Black "Nowak, Kamil"]
[Result "1/2-1/2"]
[LiveChessVersion "1.4.8"]
[BlackElo "1821"]
[WhiteElo "2162"]

1. d4 d5 2. c4 c6 3. Nc3 {[%clk 0:03:04]} Nf6 {[%clk 0:03:07]} 4. Nf3 a6 5. e3
{[%clk 0:03:04]} b5 {[%clk 0:03:09]} 6. b3 {[%clk 0:03:05]} Bg4 {[%clk 0:03:11]}
7. Be2 {[%clk 0:03:04]} e6 {[%clk 0:03:12]} 8. O-O Nbd7 9. Bb2 {[%clk 0:03:00]}
Be7 {[%clk 0:03:15]} 10. Ne5 {[%clk 0:03:00]} Bxe2 {[%clk 0:03:14]} 11. Nxe2
{[%clk 0:03:00]} Nxe5 {[%clk 0:03:14]} 12. dxe5 {[%clk 0:03:01]} Nd7
{[%clk 0:03:15]} 13. Nf4 {[%clk 0:02:55]} O-O {[%clk 0:03:06]} 14. Qg4
{[%clk 0:02:50]} Kh8 {[%clk 0:02:47]} 15. Rfd1 {[%clk 0:02:46]} Qc7
{[%clk 0:02:42]} 16. cxd5 {[%clk 0:02:43]} cxd5 {[%clk 0:02:40]} 17. Rac1
{[%clk 0:02:44]} Qb7 {[%clk 0:02:31]} 18. Nh5 {[%clk 0:02:10]} g6
{[%clk 0:02:31]} 19. Nf4 {[%clk 0:01:58]} Rac8 {[%clk 0:02:18]} 20. h4
{[%clk 0:01:35]} Rxc1 {[%clk 0:02:18]} 21. Rxc1 {[%clk 0:01:35]} Rc8
{[%clk 0:02:20]} 22. Rxc8+ {[%clk 0:01:11]} Qxc8 {[%clk 0:02:21]} 23. h5
{[%clk 0:01:01]} Qc2 {[%clk 0:02:02]} 24. Bd4 {[%clk 0:01:01]} Qf5
{[%clk 0:01:45]} 25. Qd1 {[%clk 0:00:39]} Kg7 {[%clk 0:01:21]} 26. hxg6
{[%clk 0:00:27]} hxg6 {[%clk 0:01:20]} 27. Nd3 {[%clk 0:00:20]} Nb8
{[%clk 0:01:00]} 28. Qc2 {[%clk 0:00:19]} Nc6 {[%clk 0:00:55]} 29. Qxc6
{[%clk 0:00:18]} Qxd3 30. Qxa6 {[%clk 0:00:05]} Qd1+ {[%clk 0:00:51]} 31. Kh2
{[%clk 0:00:06]} Qh5+ {[%clk 0:00:52]} 32. Kg1 {[%clk 0:00:07]} Qd1+
{[%clk 0:00:53]} 1/2-1/2

[Event "C18"]
[Site "?"]
[Date "2016.08.06"]
[Round "2.5"]
[White "Szostko, Jakub"]
[Black "Januszkiewicz, Wojciech"]
[Result "1/2-1/2"]
[LiveChessVersion "1.4.8"]
[BlackElo "1781"]
[WhiteElo "2157"]

1. e4 {[%clk 0:03:03]} c5 {[%clk 0:03:04]} 2. Nf3 {[%clk 0:03:04]} d6
{[%clk 0:03:05]} 3. d4 {[%clk 0:03:05]} Nf6 {[%clk 0:03:04]} 4. Nc3
{[%clk 0:03:06]} cxd4 {[%clk 0:03:05]} 5. Nxd4 {[%clk 0:03:07]} g6
{[%clk 0:03:05]} 6. Be3 {[%clk 0:03:06]} Bg7 {[%clk 0:03:06]} 7. f3
{[%clk 0:03:07]} O-O {[%clk 0:03:07]} 8. Qd2 {[%clk 0:03:09]} Nc6
{[%clk 0:03:07]} 9. Bc4 {[%clk 0:03:09]} Bd7 {[%clk 0:03:05]} 10. O-O-O
{[%clk 0:03:10]} Rc8 {[%clk 0:03:06]} 11. Bb3 {[%clk 0:03:11]} Nxd4
{[%clk 0:03:07]} 12. Bxd4 {[%clk 0:03:12]} b5 {[%clk 0:03:08]} 13. Nd5
{[%clk 0:03:09]} Nxd5 {[%clk 0:03:07]} 14. Bxg7 {[%clk 0:03:10]} Kxg7
{[%clk 0:03:08]} 15. exd5 {[%clk 0:03:10]} a5 {[%clk 0:03:07]} 16. a3
{[%clk 0:03:11]} b4 {[%clk 0:02:51]} 17. axb4 {[%clk 0:03:12]} axb4
{[%clk 0:02:52]} 18. Qxb4 {[%clk 0:03:12]} Rc5 {[%clk 0:02:50]} 19. Rhe1
{[%clk 0:03:03]} Re8 {[%clk 0:02:31]} 20. Rd4 {[%clk 0:03:02]} Qa8
{[%clk 0:02:26]} 21. Rde4 {[%clk 0:01:58]} Qa1+ {[%clk 0:01:34]} 22. Kd2
{[%clk 0:01:58]} Qxb2 {[%clk 0:01:35]} 23. Qd4+ {[%clk 0:01:44]} Qxd4+
{[%clk 0:01:34]} 24. Rxd4 {[%clk 0:01:45]} h5 {[%clk 0:01:22]} 25. Rde4
{[%clk 0:01:22]} Kf8 {[%clk 0:01:21]} 26. Ra1 {[%clk 0:01:22]} e5
{[%clk 0:01:19]} 27. dxe6 {[%clk 0:01:21]} Bxe6 {[%clk 0:01:18]} 28. Rae1
{[%clk 0:01:04]} d5 {[%clk 0:01:03]} 29. Rd4 {[%clk 0:00:54]} Rec8
{[%clk 0:00:57]} 30. g4 {[%clk 0:00:51]} hxg4 {[%clk 0:00:56]} 31. fxg4
{[%clk 0:00:53]} Kg7 {[%clk 0:00:45]} 32. Re3 {[%clk 0:00:47]} g5
{[%clk 0:00:44]} 33. Red3 {[%clk 0:00:42]} Rh8 {[%clk 0:00:41]} 34. h3
{[%clk 0:00:43]} Rd8 {[%clk 0:00:42]} 35. Kc1 {[%clk 0:00:24]} Rd6
{[%clk 0:00:39]} 36. Kb2 {[%clk 0:00:24]} Rd8 {[%clk 0:00:35]} 37. Rd2
{[%clk 0:00:25]} Kg6 {[%clk 0:00:19]} 38. c4 {[%clk 0:00:24]} dxc4
{[%clk 0:00:10]} 39. Bc2+ Kg7 {[%clk 0:00:06]} 40. Rxd8 {[%clk 0:00:26]} c3+
{[%clk 0:00:07]} 41. Kc1 {[%clk 0:00:27]} cxd2+ {[%clk 0:00:08]} 42. Kxd2
{[%clk 0:00:27]} Rd5+ {[%clk 0:00:09]} 1/2-1/2

[Event "C18"]
[Site "?"]
[Date "2016.08.06"]
[Round "3.1"]
[White "Molenda, Marcin"]
[Black "Pilzak, Marcin"]
[Result "1/2-1/2"]
[LiveChessVersion "1.4.8"]
[BlackElo "1928"]
[WhiteElo "2187"]

1. d4 Nf6 2. Nf3 e6 3. c4 b6 4. a3 Bb7 5. Nc3 d5 6. Qa4+ Bc6 7. Qc2 Be7 8. cxd5
Nxd5 9. e4 Nxc3 10. bxc3 O-O 11. Bd3 Nd7 12. O-O e5 13. Nxe5 Nxe5 14. dxe5 Bc5
15. Kh1 Qe7 16. f4 Rad8 17. Bc4 Kh8 18. Bd2 Rd7 19. Rad1 Rfd8 20. Bc1 Rxd1 21.
Rxd1 Rxd1+ 22. Qxd1 Bxe4 23. a4 h6 24. Qe2 Bc6 25. Bb5 Bxb5 26. axb5 Qd7 27. Bb2
c6 28. bxc6 Qxc6 29. c4 a5 30. f5 a4 31. e6 fxe6 32. f6 a3 33. fxg7+ Kg8 34. Ba1
Qd6 35. Qf3 e5 36. Qa8+ Kxg7 37. Qf3 Bd4 38. Bxd4 Qxd4 39. h3 a2 40. Qb7+ Kf6 41.
Qc6+ Ke7 42. Qc7+ Ke6 43. Qc6+ Qd6 44. Qc8+ Qd7 45. Qg8+ Qf7 46. Qc8+ Qd7 47.
Qg8+ Kd6 48. Qa8 Qc6 49. Qxa2 e4 50. Qd2+ Ke5 51. Qc3+ Ke6 52. Qd4 Kf5 1/2-1/2

[Event "C18"]
[Site "?"]
[Date "2016.08.06"]
[Round "3.2"]
[White "Smal, Tobiasz"]
[Black "Niekras, Dawid"]
[Result "0-1"]
[LiveChessVersion "1.4.8"]
[BlackElo "2157"]
[WhiteElo "1928"]

1. d4 {[%clk 0:03:03]} Nf6 {[%clk 0:03:03]} 2. Nf3 {[%clk 0:03:04]} g6
{[%clk 0:03:04]} 3. Bf4 {[%clk 0:03:06]} Bg7 {[%clk 0:03:05]} 4. e3
{[%clk 0:03:07]} d6 {[%clk 0:03:06]} 5. Be2 {[%clk 0:03:06]} O-O {[%clk 0:03:06]}
6. O-O {[%clk 0:03:07]} c5 {[%clk 0:03:07]} 7. c3 {[%clk 0:03:02]} Nh5
{[%clk 0:02:35]} 8. Bg5 {[%clk 0:03:03]} h6 {[%clk 0:02:35]} 9. Bh4
{[%clk 0:03:04]} g5 {[%clk 0:02:36]} 10. Bg3 {[%clk 0:03:05]} Nxg3
{[%clk 0:02:37]} 11. hxg3 {[%clk 0:03:06]} Qb6 {[%clk 0:02:36]} 12. Qb3
{[%clk 0:03:01]} Nc6 {[%clk 0:02:30]} 13. Nbd2 {[%clk 0:03:00]} Be6
{[%clk 0:01:33]} 14. Qxb6 {[%clk 0:03:00]} axb6 {[%clk 0:01:34]} 15. a3
{[%clk 0:03:00]} Rfc8 {[%clk 0:01:09]} 16. Rac1 {[%clk 0:02:53]} d5
{[%clk 0:01:08]} 17. Bd3 {[%clk 0:02:39]} f5 {[%clk 0:00:51]} 18. Rfd1
{[%clk 0:02:18]} Kf7 {[%clk 0:00:50]} 19. Bb5 {[%clk 0:01:45]} Na5
{[%clk 0:00:41]} 20. Ba4 {[%clk 0:01:31]} c4 {[%clk 0:00:33]} 21. Ne5+
{[%clk 0:01:15]} Bxe5 {[%clk 0:00:33]} 22. dxe5 {[%clk 0:01:16]} Nc6
{[%clk 0:00:33]} 23. Bxc6 {[%clk 0:01:08]} bxc6 {[%clk 0:00:34]} 24. Nf3
{[%clk 0:00:32]} Bd7 {[%clk 0:00:35]} 25. Nd4 {[%clk 0:00:28]} e6
{[%clk 0:00:32]} 26. f3 {[%clk 0:00:25]} c5 {[%clk 0:00:33]} 27. Ne2
{[%clk 0:00:26]} Kg6 {[%clk 0:00:31]} 28. f4 {[%clk 0:00:18]} g4 {[%clk 0:00:30]}
29. Kf2 {[%clk 0:00:19]} h5 {[%clk 0:00:31]} 30. Rh1 {[%clk 0:00:15]} Rh8
{[%clk 0:00:30]} 31. Rh2 {[%clk 0:00:14]} Ra5 {[%clk 0:00:26]} 32. Rhh1
{[%clk 0:00:15]} Ba4 {[%clk 0:00:24]} 33. Rhg1 {[%clk 0:00:13]} Bb3
{[%clk 0:00:25]} 34. Rce1 {[%clk 0:00:09]} Rb5 {[%clk 0:00:23]} 35. Nc1
{[%clk 0:00:07]} Bc2 {[%clk 0:00:18]} 36. Re2 {[%clk 0:00:08]} Rxb2
{[%clk 0:00:19]} 37. Rd2 {[%clk 0:00:06]} Ra8 {[%clk 0:00:15]} 38. Re1
{[%clk 0:00:06]} Rxa3 {[%clk 0:00:17]} 39. Ree2 {[%clk 0:00:08]} Rxc3
{[%clk 0:00:18]} 40. Ke1 {[%clk 0:00:03]} b5 {[%clk 0:00:19]} 41. Kf2
{[%clk 0:00:05]} b4 {[%clk 0:00:20]} 42. Ke1 {[%clk 0:00:03]} Rb1
{[%clk 0:00:17]} 0-1

[Event "C18"]
[Site "?"]
[Date "2016.08.06"]
[Round "3.3"]
[White "Zylka, Stanislaw"]
[Black "Michalski, Filip"]
[Result "0-1"]
[LiveChessVersion "1.4.8"]
[BlackElo "1916"]
[WhiteElo "2074"]

1. Nf3 {[%clk 0:03:02]} Nf6 {[%clk 0:03:02]} 2. g3 {[%clk 0:03:03]} e6
{[%clk 0:03:03]} 3. Bg2 {[%clk 0:03:04]} d5 {[%clk 0:03:04]} 4. O-O
{[%clk 0:03:05]} Be7 {[%clk 0:03:05]} 5. d4 {[%clk 0:03:06]} O-O {[%clk 0:03:05]}
6. c4 {[%clk 0:03:07]} c6 {[%clk 0:03:05]} 7. Nc3 {[%clk 0:03:07]} Nbd7
{[%clk 0:03:03]} 8. Bf4 {[%clk 0:03:00]} b6 {[%clk 0:02:57]} 9. Rc1
{[%clk 0:02:56]} Bb7 {[%clk 0:02:57]} 10. cxd5 {[%clk 0:02:49]} exd5
{[%clk 0:02:05]} 11. h4 {[%clk 0:02:40]} Rc8 {[%clk 0:02:04]} 12. a3
{[%clk 0:02:40]} c5 {[%clk 0:02:03]} 13. dxc5 {[%clk 0:02:41]} bxc5
{[%clk 0:01:56]} 14. Qb3 {[%clk 0:02:23]} Qb6 {[%clk 0:01:44]} 15. Qc2
{[%clk 0:01:54]} Rfd8 {[%clk 0:01:31]} 16. Rfd1 {[%clk 0:01:55]} h6
{[%clk 0:01:17]} 17. Na4 {[%clk 0:01:19]} Qe6 {[%clk 0:01:14]} 18. Qb3
{[%clk 0:01:12]} Ba8 {[%clk 0:01:06]} 19. Nc3 {[%clk 0:01:03]} Qb6
{[%clk 0:00:56]} 20. Qc2 {[%clk 0:00:59]} Nf8 {[%clk 0:00:36]} 21. Ne5
{[%clk 0:00:59]} Ne6 {[%clk 0:00:30]} 22. Bd2 {[%clk 0:00:40]} Nd4
{[%clk 0:00:19]} 23. Qb1 {[%clk 0:00:37]} Nb3 {[%clk 0:00:19]} 24. Rc2
{[%clk 0:00:27]} Qe6 {[%clk 0:00:14]} 25. Nf3 {[%clk 0:00:22]} d4
{[%clk 0:00:10]} 26. Na2 {[%clk 0:00:11]} Be4 {[%clk 0:00:11]} 27. Nc1
{[%clk 0:00:03]} Nxd2 {[%clk 0:00:12]} 28. Rdxd2 {[%clk 0:00:04]} Bxc2
{[%clk 0:00:13]} 29. Qxc2 {[%clk 0:00:05]} Qe4 {[%clk 0:00:13]} 30. Qd1
{[%clk 0:00:00]} 0-1

[Event "C18"]
[Site "?"]
[Date "2016.08.06"]
[Round "3.4"]
[White "Delekta, Filip"]
[Black "Smieszek, Wojciech"]
[Result "0-1"]
[LiveChessVersion "1.4.8"]
[BlackElo "2042"]
[WhiteElo "1897"]

1. f4 {[%clk 0:03:03]} Nf6 {[%clk 0:03:03]} 2. Nf3 {[%clk 0:03:03]} g6
{[%clk 0:03:04]} 3. b3 {[%clk 0:03:04]} Bg7 {[%clk 0:03:05]} 4. Bb2
{[%clk 0:03:05]} O-O {[%clk 0:03:05]} 5. g3 {[%clk 0:03:02]} d5 {[%clk 0:03:04]}
6. Bg2 {[%clk 0:03:02]} c5 {[%clk 0:03:01]} 7. O-O {[%clk 0:02:58]} Nc6
{[%clk 0:03:02]} 8. e3 {[%clk 0:02:40]} Be6 {[%clk 0:02:47]} 9. d4
{[%clk 0:02:31]} cxd4 {[%clk 0:02:36]} 10. Nxd4 {[%clk 0:02:30]} Nxd4
{[%clk 0:02:31]} 11. Bxd4 {[%clk 0:02:30]} Qd7 {[%clk 0:02:16]} 12. Nd2
{[%clk 0:02:11]} Bh3 {[%clk 0:02:10]} 13. c4 {[%clk 0:02:02]} Bxg2
{[%clk 0:02:06]} 14. Kxg2 {[%clk 0:02:02]} Ng4 {[%clk 0:01:46]} 15. Qf3
{[%clk 0:01:18]} dxc4 {[%clk 0:01:32]} 16. Nxc4 {[%clk 0:01:18]} b5
{[%clk 0:01:33]} 17. Ne5 {[%clk 0:01:06]} Nxe5 {[%clk 0:01:30]} 18. fxe5
{[%clk 0:01:07]} e6 {[%clk 0:01:27]} 19. Rfd1 {[%clk 0:00:52]} Qe7
{[%clk 0:01:18]} 20. Qc6 {[%clk 0:00:47]} Rac8 {[%clk 0:01:11]} 21. Qxb5
{[%clk 0:00:45]} Rc2+ {[%clk 0:01:10]} 22. Kg1 {[%clk 0:00:39]} Rfc8
{[%clk 0:00:54]} 23. a4 {[%clk 0:00:38]} Qg5 {[%clk 0:00:47]} 24. Qb7
{[%clk 0:00:23]} Bxe5 {[%clk 0:00:31]} 25. Qe4 {[%clk 0:00:23]} Bxg3
{[%clk 0:00:22]} 0-1

[Event "C18"]
[Site "?"]
[Date "2016.08.06"]
[Round "3.5"]
[White "Wisniewski, Michal"]
[Black "Osinski, Emil"]
[Result "1/2-1/2"]
[LiveChessVersion "1.4.8"]
[BlackElo "1904"]
[WhiteElo "2023"]

1. e4 {[%clk 0:03:02]} c5 {[%clk 0:03:03]} 2. Nf3 {[%clk 0:03:03]} e6
{[%clk 0:03:04]} 3. g3 {[%clk 0:03:04]} Nc6 {[%clk 0:03:03]} 4. Bg2
{[%clk 0:03:05]} d6 {[%clk 0:03:02]} 5. Qe2 {[%clk 0:02:58]} Nf6 {[%clk 0:03:01]}
6. e5 {[%clk 0:02:58]} dxe5 {[%clk 0:02:57]} 7. Nxe5 {[%clk 0:02:58]} Nxe5
{[%clk 0:02:56]} 8. Qxe5 {[%clk 0:02:59]} Bd6 {[%clk 0:02:55]} 9. Qe2
{[%clk 0:02:59]} O-O {[%clk 0:02:53]} 10. O-O {[%clk 0:02:59]} Qc7
{[%clk 0:02:52]} 11. Nc3 {[%clk 0:02:58]} Bd7 {[%clk 0:02:47]} 12. d3
{[%clk 0:02:55]} Rab8 {[%clk 0:02:44]} 13. a4 {[%clk 0:02:54]} a6
{[%clk 0:02:40]} 14. a5 {[%clk 0:02:49]} Bc6 {[%clk 0:02:36]} 15. Ne4
{[%clk 0:02:46]} Nxe4 {[%clk 0:02:31]} 16. Bxe4 {[%clk 0:02:44]} Rfd8
{[%clk 0:02:09]} 17. Bd2 {[%clk 0:02:41]} Be5 {[%clk 0:01:53]} 18. Rab1
{[%clk 0:01:40]} Bd4 {[%clk 0:01:15]} 19. Bf4 {[%clk 0:01:37]} e5
{[%clk 0:01:06]} 20. Bg5 {[%clk 0:01:16]} f6 {[%clk 0:00:54]} 21. Bd2
{[%clk 0:01:16]} Bxe4 {[%clk 0:00:35]} 22. Qxe4 {[%clk 0:01:16]} c4
{[%clk 0:00:32]} 23. dxc4 {[%clk 0:00:46]} Qxc4 {[%clk 0:00:32]} 24. Be3
{[%clk 0:00:46]} Qd5 {[%clk 0:00:28]} 25. Qd3 {[%clk 0:00:11]} Bxe3
{[%clk 0:00:27]} 26. Qxe3 {[%clk 0:00:12]} Qd4 {[%clk 0:00:27]} 27. Qb3+
{[%clk 0:00:12]} Qd5 {[%clk 0:00:25]} 28. c4 {[%clk 0:00:13]} Qe6
{[%clk 0:00:25]} 29. Rfd1 {[%clk 0:00:12]} Rdc8 {[%clk 0:00:23]} 30. Rbc1
{[%clk 0:00:11]} Rc7 {[%clk 0:00:20]} 31. Qb4 {[%clk 0:00:10]} Rbc8
{[%clk 0:00:16]} 32. c5 {[%clk 0:00:11]} h6 {[%clk 0:00:15]} 33. Rd6
{[%clk 0:00:10]} Qe7 {[%clk 0:00:10]} 34. Rd5 {[%clk 0:00:05]} Kh7
{[%clk 0:00:08]} 35. Qe4+ {[%clk 0:00:06]} Kh8 {[%clk 0:00:09]} 36. Qe3
{[%clk 0:00:06]} Rc6 {[%clk 0:00:08]} 37. Qe4 {[%clk 0:00:04]} Rxc5
{[%clk 0:00:08]} 38. Rdxc5 {[%clk 0:00:06]} Rxc5 {[%clk 0:00:09]} 39. Rxc5
{[%clk 0:00:07]} Qxc5 {[%clk 0:00:10]} 40. Qxb7 {[%clk 0:00:08]} Qxa5
{[%clk 0:00:10]} 41. Qc8+ {[%clk 0:00:09]} Kh7 1/2-1/2

[Event "C18"]
[Site "?"]
[Date "2016.08.06"]
[Round "4.1"]
[White "Pilzak, Marcin"]
[Black "Molenda, Marcin"]
[Result "0-1"]
[LiveChessVersion "1.4.8"]
[BlackElo "2187"]
[WhiteElo "1928"]

1. e4 c5 2. Nf3 Nc6 3. Bb5 g6 4. Bxc6 dxc6 5. d3 Bg4 6. h3 Bxf3 7. Qxf3 Bg7 8. c3
Nf6 9. Bf4 O-O 10. Nd2 Nd7 11. h4 Ne5 12. Bxe5 Bxe5 13. h5 Bg7 14. O-O-O b5 15.
Qh3 h6 16. hxg6 fxg6 17. Nf3 b4 18. Qe6+ Kh8 19. Qxg6 Rf6 20. Qg4 bxc3 21. Ne5
Qb6 22. bxc3 Qa5 23. Qe2 Qxc3+ 24. Qc2 Qxe5 25. g3 Qa1+ 26. Kd2 Rxf2+ 0-1

[Event "C18"]
[Site "?"]
[Date "2016.08.06"]
[Round "4.2"]
[White "Niekras, Dawid"]
[Black "Smal, Tobiasz"]
[Result "1-0"]
[LiveChessVersion "1.4.8"]
[BlackElo "1928"]
[WhiteElo "2157"]

1. e4 {[%clk 0:03:02]} c5 {[%clk 0:03:04]} 2. Nf3 {[%clk 0:03:03]} d6
{[%clk 0:03:05]} 3. d4 {[%clk 0:03:04]} cxd4 {[%clk 0:03:07]} 4. Nxd4
{[%clk 0:03:06]} Nf6 {[%clk 0:03:08]} 5. Nc3 {[%clk 0:03:07]} a6 {[%clk 0:03:10]}
6. Bc4 {[%clk 0:03:08]} e6 {[%clk 0:03:02]} 7. Bb3 {[%clk 0:03:09]} Nbd7
{[%clk 0:03:02]} 8. O-O {[%clk 0:03:09]} Nc5 {[%clk 0:03:03]} 9. Qe2
{[%clk 0:03:10]} Nxb3 {[%clk 0:03:04]} 10. axb3 {[%clk 0:03:10]} Be7
{[%clk 0:03:05]} 11. f4 {[%clk 0:03:08]} Qc7 {[%clk 0:02:41]} 12. Kh1
{[%clk 0:03:03]} Bd7 {[%clk 0:02:27]} 13. e5 {[%clk 0:03:00]} dxe5
{[%clk 0:01:33]} 14. fxe5 {[%clk 0:03:01]} Nd5 {[%clk 0:01:32]} 15. Nxd5
{[%clk 0:02:37]} exd5 {[%clk 0:01:33]} 16. e6 {[%clk 0:01:43]} fxe6
{[%clk 0:01:29]} 17. Nxe6 {[%clk 0:01:43]} Qd6 {[%clk 0:00:58]} 18. Nxg7+
{[%clk 0:01:38]} Kd8 {[%clk 0:01:00]} 19. Nf5 {[%clk 0:01:27]} Bb5
{[%clk 0:00:41]} 20. c4 {[%clk 0:01:06]} 1-0